000 00216 a2200109 4500
020 _a9780811844529
041 _aspa
100 _aBoada, Francesc
245 _aLa Princesa y El Guisante
942 _cBK
952 _74
999 _c20668
_d20668